00333nam a22001337a 4500003000500000005001700005008004100022040000600063082000800069100002100077245006000098260003200158300000900190NUST20170602123433.0170602b xxu||||| |||| 00| 0 eng d c0 a150 4George A. Miller aPsychology the science of mental lifecGeorge A. Miller aLondonbPenguin booksc1982 a415p